000 nam a22 7a 4500
999 _c9427
_d9427
008 180129b ||||| |||| 00| 0 eng d
100 _aSINGH
_95643
245 _aHindi Story
260 _aNew Delhi